Moons of Saturn - Statistics

General Stats
  • This quiz has been taken 802 times
    793 since last reset
  • The average score is 7 of 22
Answer Stats
Origin Name % Correct
Greek Titan
95%
Greek Rhea
59%
Greek Enceladus
54%
Greek Iapetus
50%
Greek Dione
47%
Greek Mimas
46%
Greek Tethys
45%
Greek Hyperion
38%
Greek Pan
34%
Greek Phoebe
34%
Greek Prometheus
33%
Roman Janus
28%
Greek Pandora
27%
Greek Atlas
24%
Greek Epimetheus
24%
Greek Calypso
22%
Norse Ymir
18%
Greek Telesto
16%
Greek Helene
15%
Inuit Paaliaq
15%
Celtic Albiorix
8%
Inuit Siarnaq
8%
No matching quizzes found
Score Distribution
Percent of People with Each Score
Percentile by Number Answered
Your Score History
You have not taken this quiz since the last reset